| 000 | 00327nam a22001337a 4500 | ||
|---|---|---|---|
| 999 |
_c532270 _d532270 |
||
| 003 | NUST | ||
| 038 | _aM.Ramzan | ||
| 082 |
_a620.11 _bMAS |
||
| 100 |
_aMessler, Robert W. _925650 |
||
| 245 | _aThe Essence of materials for Engineering / | ||
| 260 |
_aCanada: _bJones & Bartlett, _c2011. |
||
| 300 | _a554 p, : | ||
| 942 |
_2ddc _cBK |
||